00657nam a2200145Ia 4500008004100000020001800041100002400059245011500083260004900198300005000247500004900297650002700346999001900373952011900392181023s9999 xx 000 0 und d a9789719808008 aMarquez, Leander P. cLeander P. MarquezaTrends, networks and critical thinking in the 21st century culture for senior high school/ aQuezon City:bC and E Publishing, Inc.c2018 axvi, 282 pages :bcol. illustration ;c25 cm. aIncludes bibliographical reference and index aInformation technology c359408d359408 00102lcc40aLUXbLUXcTRd2018-10-23eDONATIONl0oT 58.5 .M357 2018p20651r2018-10-23 00:00:00w2018-10-23yBK